|
|
|
|
| LEADER |
00000nam0a2200000 4500 |
| 001 |
339767 |
| 005 |
20231102005156.0 |
| 035 |
|
|
|a (RuTPU)RU\TPU\book\366306
|
| 090 |
|
|
|a 339767
|
| 100 |
|
|
|a 20180125d1978 km y0rusy50 ca
|
| 101 |
0 |
|
|a rus
|
| 102 |
|
|
|a RU
|
| 105 |
|
|
|a a z 001zy
|
| 200 |
1 |
|
|a Метод производящих функций в теории динамических систем
|f С. В. Шильман
|
| 210 |
|
|
|a Москва
|c Наука
|d 1978
|
| 215 |
|
|
|a 335 с.
|c ил.
|
| 225 |
1 |
|
|a Теоретические основы технической кибернетики
|
| 320 |
|
|
|a Библиогр.: с. 324-335
|
| 606 |
1 |
|
|a Автоматические системы управления
|x Динамические
|2 stltpush
|3 (RuTPU)RU\TPU\subj\867
|9 29673
|
| 610 |
1 |
|
|a модулированные воздействия
|
| 610 |
1 |
|
|a реакции
|
| 610 |
1 |
|
|a анализ
|
| 610 |
1 |
|
|a свойства
|
| 610 |
1 |
|
|a применение
|
| 610 |
1 |
|
|a модуляция
|
| 610 |
1 |
|
|a последействие
|
| 610 |
1 |
|
|a метод Хилла
|
| 610 |
1 |
|
|a приложения
|
| 610 |
1 |
|
|a условия
|
| 610 |
1 |
|
|a абсолютная устойчивость
|
| 610 |
1 |
|
|a теоремы
|
| 610 |
1 |
|
|a исследования
|
| 675 |
|
|
|a 681.51.033
|v 4
|
| 700 |
|
1 |
|a Шильман
|b С. В.
|g Семен Вольфович
|
| 801 |
|
1 |
|a RU
|b 63413507
|c 20180125
|
| 801 |
|
2 |
|a RU
|b 63413507
|c 20180126
|g RCR
|
| 942 |
|
|
|c BK
|